Setting up business improvement districts (Record no. 66815)
[ view plain ]
| 000 -LEADER | |
|---|---|
| fixed length control field | 00923cam a2200205 4500 |
| 001 - CONTROL NUMBER | |
| control field | ABS63912 |
| 008 - FIXED-LENGTH DATA ELEMENTS--GENERAL INFORMATION | |
| fixed length control field | 000000n2001 000 0 eng u |
| 035 ## - SYSTEM CONTROL NUMBER | |
| System control number | (Sirsi) u112185 |
| 245 ## - TITLE STATEMENT | |
| Title | Setting up business improvement districts |
| 260 ## - PUBLICATION, DISTRIBUTION, ETC. | |
| Date of publication, distribution, etc. | 2001 |
| 490 ## - SERIES STATEMENT | |
| Series statement | Property Week |
| Volume/sequential designation | 66(14) 6 April 2001, 79-81(3) |
| 520 ## - SUMMARY, ETC. | |
| Summary, etc. | This third part of the CPD distance-learning modules describes modern commercial leases and business improvement districts. Mentions what a BID is and gives examples from the United States about how it can work in areas such as the plans around Grand Central Station, New York City. In the UK the BIDs are in an embryonic stage and will not have the same wide-ranging powers as in the USA. |
| 590 ## - LOCAL NOTE (RLIN) | |
| Local note | ABS |
| 650 ## - SUBJECT ADDED ENTRY--TOPICAL TERM | |
| Topical term or geographic name entry element | COMMERCIAL LEASES |
| 650 ## - SUBJECT ADDED ENTRY--TOPICAL TERM | |
| Topical term or geographic name entry element | BUSINESS IMPROVEMENT DISTRICTS |
| 650 ## - SUBJECT ADDED ENTRY--TOPICAL TERM | |
| Topical term or geographic name entry element | NEW YORK |
| 650 ## - SUBJECT ADDED ENTRY--TOPICAL TERM | |
| Topical term or geographic name entry element | CITY CENTRE REDEVELOPMENT |
| 690 ## - LOCAL SUBJECT ADDED ENTRY--TOPICAL TERM (OCLC, RLIN) | |
| Topical term or geographic name as entry element | REGENERATION |
| 942 ## - ADDED ENTRY ELEMENTS (KOHA) | |
| Suppress in OPAC | 0 |
| Withdrawn status | Lost status | Source of classification or shelving scheme | Damaged status | Not for loan | Home library | Current library | Shelving location | Date acquired | Total Checkouts | Full call number | Barcode | Date last seen | Copy number | Price effective from | Koha item type |
|---|---|---|---|---|---|---|---|---|---|---|---|---|---|---|---|
| Dewey Decimal Classification | London | London | Journal article | 26/04/2001 | ABS63912 | 112185-1001 | 06/08/2019 | 1 | 06/08/2019 | Journal article |